| 000 | 00491nam a2200181 a 4500 | ||
|---|---|---|---|
| 005 | 20210219160156.0 | ||
| 008 | 080922s1987 mx r 000 0 spa d | ||
| 035 | _aUPN01000160171 | ||
| 049 | _aUNE | ||
| 080 | _a341.16: 001(091) (100)=40 1945-87 CHR. | ||
| 110 | 2 | _aUNESCO | |
| 245 | 1 | 0 | _aChronologie de L'UNESCO 1945-1987. |
| 260 |
_aParis : _bUNESCO, _c1987. |
||
| 300 | _a145 p. : fot. | ||
| 440 | 0 | _aLAD. 85/WS/4 Rev. | |
| 690 | _aUNESCO- Historia, 1945-1987. | ||
| 905 | _aUNESCO | ||
| 999 |
_c132285 _d132285 |
||